00000000cam 2200000zi 4500
0019.959841
003CaOODSP
00520260629100926
006m     o  d f      
007cr mn|||||||||
008260212e202603##quca    o    f000 0 fre d
020 |a9780660984063
040 |aCaOODSP|bfre|erda|cCaOODSP
0410 |afre|beng|bfre
043 |an-cn---
0861 |aR62-597/2025F-PDF
24500|aÉtude de suivi du symbole corporatif de Parcs Canada 2025 : |brapport méthodologiques / |cpréparé pour l'Agence de Parcs Canada.
264 1|aGatineau QC : |bParcs Canada = Parks Canada, |cmars 2026.
264 4|c©2026
300 |a1 ressource en ligne (12 pages) : |billustrations
336 |atexte|btxt|2rdacontent/fre
337 |ainformatique|bc|2rdamedia/fre
338 |aressource en ligne|bcr|2rdacarrier/fre
500 |aPublié aussi en anglais sous le titre : Parks Canada corporate symbol tracking study 2025 : methods report.
500 |a« Fournisseur : Advanis Inc. »
500 |a« N° du contrat : CW2406657. »
500 |a« Date de livraison : 13 mars 2026. »
500 |a« N° d'inscription : POR 005-25. »
500 |aCet avis ne comprend que la rapport méthodologiques en format PDF, l'ensemble complet de données contenant tous les tableaux de données vague en format CSV peut être téléchargé gratuitement à https://epe.lac-bac.gc.ca/
520 |a« Le symbole corporatif additionnel de Parcs Canada sert de répresentation visuelle de l'organisation fédérale et de sa mission. La reconnaissance publique du symbole corporatif de Parcs Canada sert de moyen parmi d'autres pour mieux comprendre la sensibilisation du public et son lien avec le mandat et le travail de l'organisation, aider à façonner sa présence dans le contenu promotionnel et éducatif, et protéger son identité contre toute utilisation abusive par des tiers. Parcs Canada suit la reconnaissance systématiquement depuis 2022; cette étude est la continuation du travail et informera les tendances longitudinales de la reconnaissance » -- Contexte et objectifs, page 3.
546 |aTexte en français, questionnaire en anglais et en français.
61026|aParcs Canada|xOpinion publique.
650 6|aLogos (Symboles)|zCanada|xOpinion publique.
650 6|aOpinion publique|zCanada.
7102 |aParcs Canada, |eorganisme de publication.
7102 |aAdvanis (Firme), |econsultant.
77508|tParks Canada corporate symbol tracking study 2025 : |w(CaOODSP)9.959840
795 |tEnquête de suivi des symboles corporatifs de Parcs Canada 2023 et 2024 : |w(CaOODSP)9.947678
85640|qPDF|s310 Ko|uhttps://publications.gc.ca/collections/collection_2026/pc/R62-597-2025-fra.pdf|xRapport méthodologiques
8564 |qHTML|sS.O.|uhttps://epe.lac-bac.gc.ca/100/200/301/pwgsc-tpsgc/por-ef/parks_canada/2026/005-25-f/005-25-rapport.htm|xRapport méthodologiques
8564 |qHTML|sS.O.|uhttps://epe.lac-bac.gc.ca/100/200/301/pwgsc-tpsgc/por-ef/parks_canada/2026/005-25-f/index.html|xEnsemble de données complet